| 000 | 00570nam a2200205Ia 4500 | ||
|---|---|---|---|
| 008 | 220216s9999 xx 000 0 und d | ||
| 100 | _aMenten J O M | ||
| 245 | 0 | _aTwo new fungicides for the control of South American Leaf Blight (Microcyclus ulei) of rubber (Hevea) | |
| 260 |
_bSumma Phytopathologica _c1990 |
||
| 300 | _aP 275-8 | ||
| 500 | _aSource Year: 1991 | ||
| 650 | _aFungicide | ||
| 650 | _aHevea brasiliensis | ||
| 650 | _aMirocyclus ulei | ||
| 700 | _aCardoso M | ||
| 700 | _aGodoy G | ||
| 700 | _aPereira W S P | ||
| 856 | _uATA | ||
| 942 | _cJS | ||
| 999 |
_c71620 _d71620 |
||